000 01193aam a2200313 i 4500
001 768714001
003 CO-MdFUSB
005 20240618062711.0
007 ta
008 210929t1973 -us |||| |||| 00| 0 eng d
020 _a0877846650
040 _bspa.
_aCO-MdFUSB
_cCO-MdFUSB
_dCO-MdFUSBC
_erda
041 _aeng
082 0 4 _a266
_223
_bF342m
100 1 _aFenton, Horace L.
_eautor
245 1 0 _aMyths about missions
_c/ Horace L. Fenton
264 1 _aDowners Grove, ILL., USA :
_bInterVarsity Press,
_c[1973]
264 4 _c© 1973
300 _a112 páginas
_c; 18 cm
336 _atexto
_btxt
_2rdacontent
337 _2rdamedia
_asin mediación
_bn
338 _2rdacarrier
_avolumen
_bnc
505 _aLa mitología de las misiones. -- El mito de la convocatoria limitada: la élite joven. -- El mito de la convocatoria limitada: permanente y tradicional. -- El mito de la tarea terminada. -- El mito de la tarea inacabable. -- El mito de la meta limitada. -- El mito del nacional incondicional. -- El mito del misionero mal pagado. -- Misiones sin mitos.
563 _aRústico
650 1 0 _aMisiones
_9154
942 _cBK
945 _aJTF-925
999 _c37437
_d37437